000 00699nam a2200289Ia 4500
005 20260324133831.0
008 008 260324s9999 xx 000 0 eng d
020 _a9781315074566
037 _aEBOOK
040 _aCRL
040 _beng
040 _cCRL
041 _2eng
041 _aeng
084 _qCRL
100 _aIan Nish
_9648582
245 0 _aCollected Writings of Ian Nish
245 0 _bPart 2: Japanese Political History - Japan and East Asia
260 _bTaylor and Francis
260 _c2002
365 _a
365 _b510
856 _uhttp://www.taylorfrancis.com/books/9781315074566
942 _cEBOOK
999 _c1794017
_d1794017